000 00229nam a2200097Ia 4500
008 240331s9999 xx 000 0 und d
082 _a299.9
_bMUL
100 _aMuller, F.M
245 0 _aTheosophy or psychologycal religion
942 _cL
999 _c948
_d948